000 00485nam a2200205Ia 4500
005 20240823020915.0
008 240823s9999||||xx |||||||||||||| ||und||
020 _a0-07-059377-9
041 _aENGLISH
082 _A174..962 P5
100 _a"Martin,Mike W"
245 0 _aEthics in Engineering
250 _a4th
260 _c2003
_b"Tata Mcgraw-Hill,New"
500 _aYES
650 _aEthics
_bGeneral
700 _a" Schinzinger,Ronald"
942 _cBK
999 _c175835
_d175835